[Event "Copenhagen Challenge IM 2020"]
[Site "Ballerup"]
[Date "2020.07.26"]
[Round "9.6"]
[White "Heimisson, Hilmir Freyr"]
[Black "Hove, Esben Kjems"]
[Result "1-0"]
[WhiteElo "2309"]
[BlackElo "2324"]
[Annotator "TA"]
[PlyCount "39"]
[EventDate "2020.07.22"]
[EventType "tourn"]
[EventCountry "DEN"]
[SourceTitle "playchess.com"]
[Source "ChessBase"]
[SourceQuality "1"]

{[%evp 10,39,17,25,35,29,111,50,61,39,105,62,183,200,191,174,174,39,59,51,219,231,468,477,587,570,1677,1665,29984,995,1470,1460]} 1. d4 d5 2. c4 c6 3. cxd5 cxd5 4. Nc3 Nc6 5. e4 dxe4 6. d5 Nb8 {D10: Slav Defence: 3 cxd5 (without early Nf3) and 3 Nc3.} 7. Qa4+ {[%mdl 1024] White has compensation.} Nd7 (7... Bd7 $11 8. Qxe4 Nf6) 8. Bf4 ({But not} 8. Nxe4 $6 Ngf6 $11) (8. Nb5 $16 a6 9. Bg5) 8... Ngf6 $14 {White is slightly better.} 9. Rc1 {[#]} Qb6 $146 (9... e6 $14) ({Predecessor:} 9... e5 10. dxe6 fxe6 11. Nh3 h6 12. Be2 Be7 13. Nxe4 O-O 14. Bc7 Qe8 15. Nd6 Bxd6 16. Bxd6 {1-0 (35) Laske,M-Goldschmidt,J Germany 1998}) 10. Bc4 {Nb5 is the strong threat.} (10. Nxe4 Nxe4 11. Qxe4 Nf6 $15) 10... Ng4 (10... g5 $14 11. Be3 (11. Bxg5 Bg7 $14) 11... Qd8) 11. Nh3 {Strongly threatening Nb5.} g5 12. Bxg5 Bh6 {[#] And now ...Bxg5 would win.} 13. Nxe4 ({White should try} 13. O-O $1 $18) 13... Bxg5 14. Nhxg5 {Threatens to win with d6.} f5 $2 ({Black should play} 14... Nxf2 $1 $14 15. Nxf2 Qe3+ {[%mdl 64] Double Attack} 16. Kd1 Qxg5) 15. Be2 $18 {Black must now prevent Bxg4.} Qxb2 $2 (15... O-O {might work better.}) 16. O-O Qxe2 {[#]} 17. Nd6+ $1 {[%mdl 512]} Kf8 {aiming for ...Qe5!} (17... exd6 18. Rfe1) 18. Ne6+ Kg8 19. Nxc8 (19. Rxc8+ $142 Rxc8 20. Qxd7 {[%mdl 64] Double Attack} (20. Nxc8 Qe5 $18) 20... Rf8 21. Qxe7 Qxe6 22. dxe6 Ne5 23. Qxb7 Nf7 24. exf7+ Kg7 25. Qe7) 19... b5 20. Qf4 {Accuracy: White = 56%, Black = 21%.} 1-0

[Event "Copenhagen Challenge IM 2020"]
[Site "Ballerup"]
[Date "2020.07.26"]
[Round "9.7"]
[White "Brondt, Nicolai Kvist"]
[Black "Brynell, Stellan"]
[Result "0-1"]
[WhiteElo "2223"]
[BlackElo "2414"]
[Annotator "TA"]
[PlyCount "70"]
[EventDate "2020.07.22"]
[EventType "tourn"]
[EventCountry "DEN"]
[SourceTitle "playchess.com"]
[Source "ChessBase"]
[SourceQuality "1"]

{[%evp 12,70,9,3,45,36,50,35,30,29,22,25,27,-8,-9,-68,-75,-114,-114,-113,-106,-122,-125,-126,-126,-126,-118,-236,-232,-224,-224,-245,-233,-250,-254,-416,-439,-429,-440,-429,-421,-433,-431,-443,-453,-498,-477,-1062,-1043,-1054,-1026,-1039,-1039,-1009,-998,-1049,-1040,-1011,-639,-636,-616]} 1. d4 e6 2. c4 Nf6 3. Nc3 Bb4 4. e3 b6 5. Nge2 Ne4 6. Bd2 Nxd2 7. Qxd2 f5 {E44: Nimzo-Indian: Rubinstein: 4...b6 5 Ne2.} 8. a3 Be7 9. d5 e5 {[#] White is slightly better.} 10. g4 $146 ({Predecessor:} 10. Ng3 d6 11. Bd3 O-O 12. f4 g6 13. O-O Nd7 14. b4 Bf6 15. Rac1 a6 16. Bb1 {½-½ (23) Giddins,S (2248)-Van Eijk,S (2203) Hoogeveen 2004}) 10... fxg4 11. O-O-O d6 12. Ng3 Nd7 $36 {[%mdl 2048] Black is pushing.} 13. Nce4 ({Better is} 13. h3 $11) 13... Bh4 $15 {Black continues to play with concentration.} 14. Bd3 Nf6 15. Qc2 g6 16. Rdf1 Nxe4 17. Bxe4 Qg5 18. Rhg1 Rf8 19. f4 (19. Qe2 $17 {keeps fighting.}) 19... exf4 $19 20. exf4 Rxf4 21. Rxf4 Qxf4+ 22. Kb1 Bd7 23. Bxg6+ $2 {[#]} (23. Rf1 Qe5 24. Bxg6+ hxg6 25. Qxg6+ Kd8 26. Rf8+ Be8 27. Nf5) 23... hxg6 24. Qxg6+ {Black is clearly winning.} Qf7 (24... Kd8 $2 25. Rf1 $19) 25. Re1+ Be7 26. Qe4 Kd8 27. Rf1 Qg7 28. Nf5 Qe5 29. Qxg4 (29. Qxe5 $142 dxe5 30. Nh6) 29... Bf6 {[%csl Gf6][%cal Re5b2]} 30. Qg8+ Be8 {[%csl Gf6][%cal Re5b2]} 31. Qg2 {[#]} Bg6 $1 {[%mdl 512]} 32. Qc2 (32. Qxg6 Qxb2#) 32... Kd7 33. Ka2 Rf8 34. Rf2 Qxb2+ 35. Qxb2 Bxb2 {Accuracy: White = 49%, Black = 86%.} 0-1

[Event "Copenhagen Challenge IM 2020"]
[Site "Ballerup"]
[Date "2020.07.26"]
[Round "9.8"]
[White "Jepson, Christian"]
[Black "Akdag, Dara"]
[Result "1-0"]
[WhiteElo "2377"]
[BlackElo "2244"]
[Annotator "TA"]
[PlyCount "75"]
[EventDate "2020.07.22"]
[EventType "tourn"]
[EventCountry "DEN"]
[SourceTitle "playchess.com"]
[Source "ChessBase"]
[SourceQuality "1"]

{[%evp 9,75,75,82,85,87,83,90,82,82,85,83,72,93,75,76,48,56,53,61,37,51,20,57,0,0,0,0,0,11,6,19,24,6,0,0,0,0,0,45,34,53,40,242,228,248,248,225,45,134,48,161,54,165,175,133,71,73,90,242,262,572,574,1568,1527,1602,1512,29977,29978]} 1. Nf3 d6 2. d4 Nf6 3. c4 c5 4. Nc3 Na6 5. d5 e5 6. e4 {A53: Old Indian Defence without Nf3.} g6 7. Be2 Bg7 8. a3 {White is better.} O-O 9. O-O Nc7 10. b4 Nfe8 11. Ne1 f5 12. Nd3 b6 13. Rb1 {[#]} f4 $146 ({Predecessor:} 13... Nf6 14. f3 f4 15. Bd2 h5 16. bxc5 bxc5 17. Nf2 Bd7 18. Rb7 Qc8 19. Qb3 g5 {1-0 (47) Riess,A (2282)-Lagunow,R (2428) Karlsruhe 2019}) 14. Bg4 Ba6 15. bxc5 dxc5 16. Nb5 (16. Nb2 $14) 16... Bxb5 $11 17. cxb5 Nd6 $1 18. Bb2 Re8 19. a4 Nxe4 20. Re1 $1 {[%cal Re1e4]} Ng5 21. Bxe5 Bxe5 22. Rxe5 Rxe5 23. Nxe5 {And now d6 would win.} Qd6 24. Nc6 Re8 25. Nxa7 (25. h4 $5 {[%cal Rh4g5]} Nf7 26. Bf3 $14) 25... Qxd5 $2 (25... Nxd5 $14 26. Nc8 Qd8) 26. Nc8 $18 Ne4 {White must now prevent ...Qa2.} 27. Nxb6 Qa2 {...Nc3 is the strong threat.} 28. f3 $2 ({Only move:} 28. Be2 $1 $18 {[%cal Re2c4] Hoping for Bc4+.} Ne6 29. Qf1) 28... Qf2+ $1 $14 29. Kh1 Nd2 ({Black should try} 29... Nc3 $1 $14 30. Qf1 (30. Qb3+ $2 N7d5 $19) 30... Qd4) 30. Qg1 (30. Rc1 $1 $18) 30... Qxg1+ ({Black should play} 30... Qe2 $1 $14 31. Ra1 Nb3) 31. Rxg1 $18 c4 32. g3 (32. Bd7 $142 Rb8 33. a5) 32... c3 $16 {[#]} 33. Nd7 $1 {[%cal Rd7f6]} Nd5 $2 {[#]} (33... Kg7 $16) 34. b6 $1 $18 {[%cal Rb6b7]} Kf7 $2 (34... h5 35. Bh3 Nxf3) 35. b7 Ne3 {[#]} 36. Ne5+ $1 {[%mdl 512]} Kg7 (36... Rxe5 37. b8=Q) 37. Bc8 fxg3 38. b8=Q {Accuracy: White = 74%, Black = 57%.} 1-0

[Event "Copenhagen Challenge IM 2020"]
[Site "Ballerup"]
[Date "2020.07.26"]
[Round "9.9"]
[White "Ingebretsen, Jens E"]
[Black "Vesterli, Michael E."]
[Result "1/2-1/2"]
[WhiteElo "2182"]
[BlackElo "2266"]
[Annotator "TA"]
[PlyCount "120"]
[EventDate "2020.07.22"]
[EventType "tourn"]
[EventCountry "DEN"]
[SourceTitle "playchess.com"]
[Source "ChessBase"]
[SourceQuality "1"]

{[%evp 13,120,-39,-24,-39,6,-26,-18,-43,-38,-37,-33,-33,-33,-30,-8,-61,-63,-56,-58,-59,-31,-45,-45,-59,-20,-18,-14,-15,-27,-30,-4,-52,-50,-47,-29,-56,-21,-37,-52,-61,-54,-134,-96,-110,-108,-100,-85,-81,-94,-91,-23,-24,-32,-62,0,0,0,0,0,0,0,0,0,0,0,0,0,0,0,0,0,-20,36,60,52,-28,0,-65,-65,-56,197,0,0,-28,-28,-257,-63,-50,-39,-79,0,-42,0,0,0,-3,-3,-11,-11,-18,0,0,0,0,0,0,0,0,0]} 1. b3 d5 2. Bb2 c5 3. g3 Nc6 4. Nf3 Nf6 5. Bg2 e6 6. O-O Bd6 7. d3 O-O 8. Nbd2 {[#] A06: Réti Opening: 1 Nf3 d5.} Bc7 $146 ({Predecessor:} 8... e5 9. e4 Be6 10. Qe1 Nb4 11. Qc1 dxe4 12. dxe4 Qc7 13. a3 Nc6 14. h3 Nd4 15. Re1 Rac8 {0-1 (39) Fataliyeva,U (2301)-Haussernot,C (2171) chess.com INT 2020}) 9. e3 e5 10. Qe2 Re8 11. e4 Rb8 12. exd5 Nxd5 13. Rfe1 f6 14. c4 (14. d4 $11) 14... Nde7 $15 15. Ne4 b6 16. Nh4 Nd4 17. Qd1 Be6 18. a3 Nec6 19. Rb1 Qd7 {[#]} 20. b4 $1 {[%mdl 512]} cxb4 21. axb4 Bg4 22. f3 Be6 $36 {[%mdl 2048] Black has some pressure.} 23. b5 Na5 24. Bc1 Nb7 25. Kh1 Rbd8 26. Ra1 Bb8 27. Rf1 (27. Be3 $15) 27... Rf8 28. f4 Bg4 29. Nf3 exf4 30. Bxf4 Bxf4 31. gxf4 Nc5 (31... Na5 $17 32. Ra3 f5) 32. Nxc5 $1 $11 bxc5 33. Qb1 Nxf3 (33... Nf5 $15 34. Re1 Kh8) 34. Bxf3 Bxf3+ 35. Rxf3 Rfe8 {White must now prevent ...Qb7.} 36. Qf1 Qb7 {Threatens to win with ...Re3.} 37. Qg2 Rd7 38. Rg3 Qc7 39. Qf3 Rde7 40. Rag1 Qd7 41. f5 Re5 42. h4 R8e7 ({Better is} 42... R5e7 $11) 43. Qa8+ $14 Re8 44. Qg2 (44. Rxg7+ $14 Qxg7 45. Qxa7 {[%mdl 64] Pin} (45. Rxg7+ Kxg7 46. Qxa7+ R8e7 $14)) 44... R8e7 45. h5 (45. Qa8+ $11 Re8 46. Rxg7+ Qxg7 47. Qxa7 {[%mdl 64] Pin} (47. Rxg7+ Kxg7 48. Qxa7+ R8e7 $14)) 45... h6 $15 46. Rg6 $1 Re2 $2 {[%mdl 8192] [#]} (46... Re1 $15 {keeps the upper hand.} 47. Qa8+ Re8 48. Qd5+ Qxd5+ 49. cxd5 Rxg1+ 50. Rxg1 Rb8) 47. Qa8+ $2 (47. Rxg7+ $1 $18 {[%mdl 512]} Rxg7 48. Qxe2) 47... Re8 $1 $11 {[%cal Re8a8]} ({And not} 47... Kh7 48. Rxh6+ $1 {[%mdl 512]} gxh6 49. Qg8#) 48. Qf3 Re1 49. Qg4 $2 {[#]} (49. Rxe1 $11 Rxe1+ 50. Kg2) 49... Qb7+ $2 (49... Rxg1+ $1 $19 50. Qxg1 Kh8) 50. Qg2 $15 Rxg1+ 51. Kxg1 {[%mdl 4096] Endgame KQR-KQR} Qe7 (51... Qd7 $17 52. Rg3 Re5) 52. Qf2 Qe5 53. Kg2 {The position is equal.} Qa1 {Strongly threatening ...Qd1.} 54. Rg3 ({Wrong is} 54. Qxc5 $2 Re2+ 55. Kg3 Qe1+ 56. Kg4 Rg2+ 57. Kf3 Qe2+ 58. Kf4 Rf2+ 59. Qxf2 Qxf2+ $19) 54... Qd1 {And now ...Re2 would win.} 55. Qf3 ({Avoid the trap} 55. Qxc5 $2 Re2+ 56. Kh3 Qf1+ 57. Kg4 Re5 $19) 55... Re2+ 56. Kh3 Qd2 57. Qh1 Qf4 {[#]} 58. Qf3 $1 {[%mdl 512]} Qd2 {( -> ...Rh2+)} 59. Qh1 Qf4 {[#]} (59... Kh7 $5) 60. Qf3 $1 {[%mdl 512]} Qd2 {Accuracy: White = 69%, Black = 67%.} 1/2-1/2

[Event "Copenhagen Challenge IM 2020"]
[Site "Ballerup"]
[Date "2020.07.26"]
[Round "9.10"]
[White "Vinter-Schou, Uffe"]
[Black "Nielsen, Viktor Haarmark"]
[Result "0-1"]
[WhiteElo "2349"]
[BlackElo "2301"]
[Annotator "TA"]
[PlyCount "58"]
[EventDate "2020.07.22"]
[EventType "tourn"]
[EventCountry "DEN"]
[SourceTitle "playchess.com"]
[Source "ChessBase"]
[SourceQuality "1"]

{[%evp 12,58,13,0,7,0,0,0,0,0,0,0,0,0,0,-9,0,0,0,0,0,-8,2,-12,0,-20,-9,-14,-6,-11,-12,-9,-12,-108,-105,-139,-114,-480,-477,-473,-457,-622,-620,-622,-629,-1058,-1042,-963,-632]} 1. e4 e5 2. Nf3 Nc6 3. Nc3 Nf6 4. Bb5 Bb4 5. O-O O-O 6. Bxc6 dxc6 7. d3 Nd7 {C49: Four Knights: 4 Bb5 Bb4.} 8. Ne2 Re8 9. Ng3 Nf8 {The position is equal.} 10. h3 {[#]} Ng6 $146 ({Predecessor:} 10... Bd6 11. Nh2 c5 12. Nf5 Ne6 13. Ng4 f6 14. Nge3 Bf8 15. Nd5 Nd4 16. Nfe3 Be6 {0-1 (36) Prihodko,A (2340)-Khairullin,I (2544) Moscow 2008}) 11. Bg5 Be7 12. Be3 Be6 13. Qd2 c5 14. b3 b6 15. a4 a5 16. Nh5 Qd7 17. Kh2 Rad8 18. Rg1 f5 19. exf5 Bxf5 {Threatening ...e4.} 20. Ng3 {[#]} e4 $1 {[%mdl 512]} 21. dxe4 Qc6 $1 {[%csl LRd2,LRe4]} 22. exf5 (22. Qe2 $11 Bxe4 23. Nxe4 Qxe4 24. Rge1) 22... Rxd2 $17 23. Bxd2 Nh4 $36 {[%mdl 2048] Black has strong initiative.} 24. Ng5 $2 {[%mdl 8192] White does not recover from this.} (24. Nxh4 $17 Bxh4 25. Rae1) 24... Bd6 $19 {Hoping for ...Re2!Black is clearly winning.} 25. f4 h6 26. Ne6 Qd5 {[%mdl 64] [#] Double Attack} 27. Bc3 Nxf5 28. Rad1 Qxe6 29. Rde1 Nxg3 {Accuracy: White = 62%, Black = 100%.} 0-1